00394 a2200133 450000100060000002000180000604000370002410000280006124000620008924500570015130000090020836200090021765000340022675067 a9788502616127 cAnchieta - Colégio São Paulo aAmora, Antônio Soares10aMinidicionário Soares Amora da língua portuguesalpor10aMinidicionário Soares Amora da língua portuguesa a10040 a2014 4aObras enciclopédicas gerais